| 000 | 00452 a2200157 4500 | ||
|---|---|---|---|
| 001 | 92704 | ||
| 082 | _a621.38 RAM | ||
| 090 |
_c44537 _d44538 |
||
| 100 | _aRamo, Simon; John R, Whinnery & Theodore Van Duzer | ||
| 245 | _aFields and waves in communication electronics, 3e | ||
| 250 | _a3 | ||
| 260 |
_aCanada _bJohn Wiley _c1993 |
||
| 300 | _axix, 844 p. | ||
| 500 | _aMS textbook Avionics | ||
| 650 | _atelecommunication; electromagnetic fields | ||
| 942 |
_aNUST-CAE _k621.38 RAM |
||
| 999 |
_c327777 _d327777 |
||